[Event "AZE-ch Women 2020"]
[Site "Baku"]
[Date "2020.03.04"]
[Round "1.1"]
[White "Abdulla, Khayala"]
[Black "Balajayeva, Khanim"]
[Result "1-0"]
[WhiteElo "2276"]
[BlackElo "2358"]
[Annotator "TA"]
[PlyCount "134"]
[EventDate "2020.03.04"]
[EventType "swiss"]
[EventCountry "AZE"]
[SourceTitle "playchess.com"]
[Source "ChessBase"]
[SourceQuality "1"]

{[%evp 16,134,28,-8,0,0,0,0,-4,-8,-4,-20,-11,-33,-31,-35,18,-52,-18,-33,-32,-33,-31,-35,-20,-28,-32,-29,-20,-20,-20,-20,-20,-18,-12,-9,-9,-18,0,-24,12,0,0,0,0,0,0,-16,31,-18,-25,-124,33,40,104,108,119,102,959,933,860,397,382,374,1459,319,266,265,312,285,286,287,354,333,333,333,280,289,312,298,302,302,291,297,347,350,363,370,372,370,363,363,359,232,372,370,385,232,232,227,220,205,396,393,604,593,609,515,1581,1493,2043,1918,4622,4618,4606,2435,29978,2122,29990,29989,29984]} 1. e4 e5 2. Nf3 Nf6 3. Nxe5 d6 4. Nf3 Nxe4 5. d4 d5 6. Bd3 Nc6 7. O-O Be7 8. c4 {8.Nbd2 is more advanced technology. Played by Anish Giri in January 2020.} Nb4 9. Nc3 (9. Re1 {is more complex.} Nxd3 10. Qxd3 c6 11. cxd5 cxd5 12. Qb5+) 9... Nxc3 {C42: Petroff Defence: 3 Nxe5 and unusual White 3rd moves.} 10. bxc3 Nxd3 11. Qxd3 dxc4 {The position is equal.} 12. Qxc4 O-O 13. Bf4 c6 {[#]} 14. Ne5 $146 ({Predecessor:} 14. Rfe1 Be6 15. Qd3 Bf6 16. Re3 Qd5 17. Be5 Bd8 18. Nd2 Bg5 19. f4 Bh6 20. c4 {½-½ (41) Elmore,J (1909)-Kochman,D Manchester 2017}) 14... Be6 15. Qe2 c5 ({Black should try} 15... Qd5 $15) 16. Rab1 ({White should play} 16. d5 $1 $11 Bf5 17. Qf3) 16... Qd5 17. c4 Qxd4 18. Bg3 Bf6 19. Rfd1 Qc3 {aiming for ...Rfd8.} 20. Rb3 Qa5 21. Rxb7 Rad8 {Threatening ...Qxa2!} 22. Nd7 Bxd7 23. Rbxd7 {Hoping for Bc7.} Rde8 24. Qd2 Bc3 25. Qc2 {Threatens to win with Bc7.} Bd4 {( -> ...Re1+)} 26. h3 Re6 27. Rb1 Rfe8 28. Kh2 g6 29. Rbb7 Rf6 30. f3 Qa3 31. Qd2 a6 32. h4 Qa4 33. Re7 (33. Rxd4 $11 {remains equal.} cxd4 34. Qxd4) 33... Rd8 $2 (33... Rxe7 $17 34. Rxe7 Qxc4 35. Re8+ Kg7) 34. Qe2 $14 Rf5 (34... Rc8 $14) 35. Bc7 $1 $36 {[%cal Rc7d8][%mdl 2048] Black is under strong pressure.} Rf8 36. Bd6 $1 {Black must now prevent Red7.} Rd8 $2 {[%mdl 8192] [#] Black cannot hold the game after this.} (36... h5 $16) 37. Red7 $1 $18 {[%cal Rd7d8][%mdl 512]} Rc8 (37... Qxd7 38. Rxd7) 38. Rxf7 (38. Qe7 $142 {White threatens Rd8+ and mate.} h5 39. Rd8+ Kh7 40. Rxc8 Qxc4 41. Qd8) 38... Rxf7 39. Rxf7 Qc6 $2 ({Much worse is} 39... Kxf7 40. Qe7+ Kg8 41. Qe6+ Kg7 42. Qxc8 $18) (39... Re8 40. Re7 Rxe7 41. Qxe7 h5 42. Qf8+ Kh7 43. Qf7+ (43. Bxc5 Qxc4 44. Bxd4 Qxd4 $16) 43... Kh8 44. Qxg6 Qxc4 45. Qxh5+ Kg7 46. Qg5+ Kh7 47. Qf5+ Kg7 48. Qg4+ Kf7 49. Qf5+ Kg7 50. Qg5+ Kh7 51. Qe7+ Kh8 52. Qf8+ Kh7 53. Qf5+ Kg7) 40. Qe7 $2 (40. Qe6 {Intending Rc7+! and mate.} Qxd6+ 41. Qxd6 Be5+ 42. Qxe5 Kxf7 43. Qd5+ Kf8 44. Qd6+ Ke8 45. Qe6+ Kd8 46. Qg8+ {[%mdl 64] Double Attack} Kc7 47. Qxh7+ Kc6 48. Qxg6+ Kd7 49. h5) 40... Qe8 41. Rxh7 Qxe7 42. Rxe7 {[%mdl 4096] Endgame KRB-KRB} Bf6 43. Ra7 Rc6 44. Bg3 Rb6 45. Kh3 Rb4 46. Rxa6 Kf7 47. a4 Rxc4 48. a5 Ra4 49. Bf2 c4 50. Rc6 {a6 is the strong threat.} Rxa5 51. Rxc4 Rd5 52. g3 Rd2 53. Be3 Rd3 {[#]} 54. Re4 $1 Rc3 (54... Rd5 $142 55. Kg4 Ra5) 55. Kg4 Rd3 56. Bf4 Rd5 57. Ra4 Rb5 58. Bg5 Bc3 $2 (58... Bxg5 {was called for.} 59. hxg5 Rb3) 59. Ra7+ Kg8 (59... Ke6 $142 60. Ra6+ Kf7) 60. f4 Kh8 61. h5 gxh5+ (61... Rb6 $142 62. hxg6 Rxg6) 62. Kxh5 Rb6 63. g4 Bg7 64. f5 Rc6 65. Rd7 Ra6 66. Be3 (66. Bf4 $142 Kg8 67. g5 Kf8 68. Bd6+ Kg8 69. f6 Bf8 70. Bxf8 Kxf8 71. Kg6) 66... Ra4 67. Rd8+ Kh7 {Accuracy: White = 72%, Black = 46%.} 1-0

[Event "AZE-ch Women 2020"]
[Site "Baku"]
[Date "2020.03.04"]
[Round "1.2"]
[White "Allahverdiyeva, Ayan"]
[Black "Rzali, Sabina"]
[Result "0-1"]
[WhiteElo "2053"]
[BlackElo "1921"]
[Annotator "TA"]
[PlyCount "140"]
[EventDate "2020.03.04"]
[EventType "swiss"]
[EventCountry "AZE"]
[SourceTitle "playchess.com"]
[Source "ChessBase"]
[SourceQuality "1"]

{[%evp 16,140,18,16,6,10,24,23,21,29,26,14,20,25,57,51,60,50,45,35,46,-2,8,0,10,5,42,31,43,45,39,8,40,40,30,34,38,32,47,41,43,23,27,12,243,245,258,231,243,226,226,222,282,279,270,208,210,188,214,214,208,200,188,140,130,8,7,-81,-106,-134,-127,-210,-212,-250,-248,-153,0,-78,0,0,84,93,139,16,16,14,88,20,166,-604,-564,-2243,-740,-3180,-2295,-5443,-12841,-5531,-1773,-5666,-5659,-5289,-3025,-29979,-29980,-29980,-29978,-29979,-29982,-29980,-29981,-29989,-29990,-29990,-29989,-29989,-29990,-29990,-29991,-29994,-29995,-29995,-29994,-29996,-29997,-29997,-1580]} 1. e4 e6 2. d4 d5 3. Nd2 {[%cal Bb1d2,Bd2e4,Be4g5][%mdl 32]} dxe4 4. Nxe4 Bd7 5. Nf3 Bc6 6. Bd3 Nd7 7. O-O Ngf6 8. Neg5 Bd6 9. Re1 h6 {C10: French with 3 Nc3: Unusual Black 3rd moves and 3...dxe4.} 10. Nh3 (10. Nxf7 Kxf7 11. Bd2 Nf8 $17) 10... Bxf3 $1 11. Qxf3 c6 {White has an edge.} 12. Nf4 O-O 13. Nh5 Nxh5 14. Qxh5 Qf6 {[#]} 15. Re4 $146 ({Predecessor:} 15. c3 Bf4 16. Qg4 Bxc1 17. Qe4 g6 18. Raxc1 Rad8 19. Re3 Qg5 20. Rce1 Nf6 21. Qf3 {1-0 (53) Burrows,M (2146)-Izod,C (1943) Newcastle 2019}) 15... Rfe8 16. Bd2 c5 17. Rg4 Kf8 $1 18. Bb5 Red8 19. Be3 {[%cal Rd4c5]} cxd4 20. Rxd4 Qe5 21. Qxe5 Nxe5 22. Rad1 Ke7 23. Bf4 f6 (23... Nf3+ {is more complex.} 24. gxf3 Bxf4 25. Rd7+ Rxd7 26. Rxd7+ Kf6) 24. Bxe5 fxe5 25. Re4 $36 {[%mdl 2048] Black is under pressure.} Bc7 26. Bd3 Rd5 27. Rde1 Kf6 28. f4 Re8 29. Bc4 Rc5 $2 (29... Rd2 $11 {and Black is okay.}) 30. b4 $18 Rc6 31. Bb5 (31. fxe5+ $6 Ke7 $18) 31... exf4 32. Bxc6 bxc6 {[%mdl 4096] Endgame KRR-KRB} 33. Kf1 Bd6 34. Rd1 Ke7 35. Rd3 e5 36. Ra3 Bb8 37. Ra6 Kd7 38. Ke2 g5 39. c4 h5 40. a4 (40. Kf2 $16) 40... Ke6 $1 $11 {[%cal Re6f5] ...Kf5 is the strong threat.} 41. Kf2 (41. Kf1 $11) 41... Kf5 $17 {[%mdl 1024] Black has strong compensation.} 42. Re2 e4 43. Ra5+ ({Reject} 43. Rxc6 e3+ 44. Ke1 Be5 $15) (43. Kf1 $17 {was necessary.} e3 44. Ra5+ (44. Rxc6 g4 $17) 44... Re5 45. b5) 43... Be5 $1 $19 44. Kf1 e3 $1 45. Rxa7 Rd8 $2 ({Better is} 45... Ke4 $1 $17 {Threatens to win with ...g4.} 46. b5 g4 47. bxc6 f3 48. gxf3+ gxf3) 46. a5 (46. b5 $11) 46... Bc3 (46... g4 $1 $17 {aiming for ...Bc3.} 47. Re1 Rd2 48. Rf7+ Ke6) 47. Rc2 Bxb4 (47... Rd1+ $1 $11 {keeps the balance.} 48. Ke2 Re1+ 49. Kd3 Bxb4) 48. Ke2 $16 g4 {Hoping for ...Ke4.} 49. a6 ({White should try} 49. Rf7+ $1 $16 Ke4 50. c5 Bxc5 51. a6 (51. Rxc5 f3+ 52. gxf3+ gxf3+ 53. Ke1 Rg8 $11)) 49... Ke4 $11 {( -> ...f3+)} 50. Rf7 {Black must now prevent a7.} Bc5 {[#]} (50... Rg8 $1 $11 {remains equal.} 51. a7 f3+ 52. gxf3+ gxf3+ 53. Rxf3 Rg2+ 54. Kf1 Rxc2 55. Rxe3+ Kxe3) 51. a7 (51. Ra2 $1 $16) 51... Rg8 (51... f3+ $1 $11 {and Black stays safe.} 52. gxf3+ gxf3+ 53. Rxf3 Rg8) 52. Rc1 $4 {[%mdl 8192] [#]} (52. Ra2 $18 f3+ {[#]} 53. Rxf3 $1 {[%mdl 512]} Bxa7 54. Rf6) 52... f3+ $1 $19 {[%mdl 512]} 53. Ke1 (53. gxf3+ gxf3+) 53... Bb4+ (53... fxg2 $142 54. Ke2 Rd8) 54. Kf1 Rd8 55. Rd7 Rxd7 56. a8=Q {[#]} Rd1+ $1 {[%mdl 576] Decoy, Promotion} 57. Rxd1 e2+ {[%mdl 64] Double Attack} 58. Kf2 exd1=Q {[%csl Gb4][%cal Rd1e1]} 59. Qxc6+ Kf5 {[%csl Gb4][%cal Rd1e1] Black mates.} ({Weaker is} 59... Kd3 60. Qd7+ Kc2 61. Qxd1+ Kxd1 62. gxf3 $11) 60. Qb5+ Kf6 {[%csl Gb4][%cal Rd1e1]} 61. Qb6+ Qd6 62. Qxd6+ Bxd6 {KB-K3P} 63. h3 Bc5+ 64. Kf1 f2 65. hxg4 hxg4 {KB-KPP} 66. g3 Ke5 67. Kg2 Ke4 68. Kf1 Kd3 69. Kg2 Ke2 70. Kh2 Kf3 {Never resign too early! Accuracy: White = 55%, Black = 71%.} 0-1

[Event "AZE-ch Women 2020"]
[Site "Baku"]
[Date "2020.03.04"]
[Round "1.3"]
[White "Fataliyeva, Ulviyya"]
[Black "Mamedjarova, Zeinab"]
[Result "0-1"]
[WhiteElo "2377"]
[BlackElo "2278"]
[Annotator "TA"]
[PlyCount "124"]
[EventDate "2020.03.04"]
[EventType "swiss"]
[EventCountry "AZE"]
[SourceTitle "playchess.com"]
[Source "ChessBase"]
[SourceQuality "1"]

{[%evp 10,124,20,5,20,10,22,12,28,20,25,16,15,19,10,16,17,-22,-22,-56,-44,-41,-46,-28,0,-22,-29,-81,-83,-90,-78,-74,-65,-56,-66,-77,-87,-104,-112,-139,-59,-142,-77,-205,-217,-288,-297,-270,-193,-189,-189,-198,-192,-220,-218,-216,-200,-249,-243,-314,-269,-270,-200,-200,-200,-200,-200,-200,-200,-203,-205,-190,-191,-202,-204,-255,-248,-365,-363,-374,-375,-447,-409,-435,-173,-433,-401,-376,-395,-710,-700,-673,-651,-505,-472,-1912,-1872,-1841,-1777,-1573,-1476,-1257,-1081,-1964,-1720,-1564,-1184,-1514,-1378,-5431,-4766,-29983,-29984,-29984,-29985,-29986,-29987]} 1. d4 d5 2. c4 e6 3. Nf3 Nf6 4. Nc3 Be7 5. Bg5 O-O 6. Qc2 dxc4 {D53: Queen's Gambit Declined: 4 Bg5 Be7: Early deviations.} 7. e3 c5 8. dxc5 Qa5 {The position is equal.} (8... Qc7 {with more complications.} 9. Bxc4 Qxc5 10. Bd3 Nbd7 11. a3 h6) 9. Bxc4 Qxc5 10. Bd3 h6 11. Bh4 Nbd7 12. O-O b6 {[#]} 13. e4 $146 ({Predecessor:} 13. a3 Bb7 14. Nd4 Rac8 15. Qe2 Rfd8 16. Rac1 Nd5 17. Nxd5 Qxd5 18. e4 Qxd4 19. Bxe7 {½-½ (27) Salvador Marques,C (2426)-Rogemont,A (2381) ICCF corr 1999}) 13... Bb7 14. Rad1 g5 15. Bg3 Nh5 16. Bb5 Nxg3 17. hxg3 Nf6 18. Rfe1 (18. Qe2 $11) 18... Rfd8 $17 19. Bd3 Ng4 20. Qe2 Ne5 21. Nxe5 Qxe5 22. Qh5 Kg7 23. Re3 Bc6 24. Bc2 b5 (24... Rxd1+ $17 25. Nxd1 Rd8) 25. a3 (25. Rxd8 $2 Rxd8 26. Kh2 b4 $19) (25. Nd5 $15 Qxb2 {[%mdl 64] Double Attack} 26. Bb3 (26. Nxe7 $2 Qxc2 {[%mdl 64] Double Attack} 27. Rde1 Bb7 $19)) 25... a5 (25... Rxd1+ $142 26. Nxd1 Bc5) 26. Rxd8 {Now White is beyond hope.} (26. Nd5 $17 Qxb2 27. Rf3) 26... Rxd8 $19 27. Rd3 Rxd3 28. Bxd3 b4 29. axb4 axb4 30. Nd1 Bc5 ({Don't do} 30... Bxe4 31. Qe2 $17) 31. Qe2 Qxg3 32. b3 Qe5 33. Qc2 Bb7 34. Nb2 Qc3 35. Kf1 Bd4 $40 {[%mdl 128] Black is out for blood.} 36. Nc4 Qa1+ 37. Qb1 Qxb1+ 38. Bxb1 {[%mdl 4096] Endgame KBB-KBN} h5 39. Ke2 Bc6 40. f3 Kf6 41. Bd3 g4 42. Na5 Bd7 43. Ba6 (43. Nc4 $142) 43... Kg5 44. g3 e5 45. Bc4 gxf3+ 46. Kxf3 Bg4+ 47. Kg2 f5 48. exf5 Kxf5 49. Nb7 $2 {[#]} (49. Bg8 Ke4 50. Nc6) 49... e4 50. Nd6+ Ke5 51. Nf7+ Kf6 {Strongly threatening ...e3.} 52. Nd6 (52. Kf1 $142 Bc5 53. Nd8) 52... Bf3+ 53. Kf1 Be5 54. Nb5 Bxg3 55. Nd4 Bg4 56. Nc2 Bd6 57. Ne3 Be6 58. Be2 h4 59. Nc4 Bf4 60. Na5 h3 {Black mates.} 61. Nc6 Bd6 62. Kg1 Bd5 {Accuracy: White = 49%, Black = 87%.} 0-1

[Event "AZE-ch Women 2020"]
[Site "Baku"]
[Date "2020.03.04"]
[Round "1.4"]
[White "Mammadova, Gulnar"]
[Black "Mamedjarova, Turkan"]
[Result "1/2-1/2"]
[WhiteElo "2386"]
[BlackElo "2310"]
[Annotator "TA"]
[PlyCount "36"]
[EventDate "2020.03.04"]
[EventType "swiss"]
[EventCountry "AZE"]
[SourceTitle "playchess.com"]
[Source "ChessBase"]
[SourceQuality "1"]

{[%evp 24,36,32,32,62,19,30,0,60,0,18,0,61,0,27]} 1. e4 e5 2. Nf3 Nc6 3. Bb5 a6 4. Ba4 Nf6 5. O-O Be7 6. Re1 b5 7. Bb3 d6 8. c3 O-O 9. h3 Na5 10. Bc2 c5 11. d4 Qc7 12. Nbd2 Bb7 13. d5 Rfc8 {[#] C97: Closed Ruy Lopez: Chigorin Defence: 11 d4 Qc7, sidelines.} 14. Nb3 $146 ({Predecessor:} 14. b3 Re8 15. Nf1 Bc8 16. Ng3 c4 17. b4 Nb7 18. Nh2 a5 19. f4 axb4 20. cxb4 exf4 21. Bxf4 Nd7 22. Nf3 Bf6 23. Nd4 Qb6 24. Be3 {1-0 (62) Sieber,F (2167)-Benzen,M (2036) Germany 2015}) 14... Nc4 15. Nbd2 Na5 16. Nb3 Nc4 17. Nbd2 Na5 18. Nb3 Nc4 1/2-1/2

[Event "AZE-ch Women 2020"]
[Site "Baku"]
[Date "2020.03.04"]
[Round "1.5"]
[White "Beydullayeva, Govhar"]
[Black "Ismayil, Malak"]
[Result "1/2-1/2"]
[WhiteElo "2237"]
[BlackElo "1974"]
[Annotator "TA"]
[PlyCount "95"]
[EventDate "2020.03.04"]
[EventType "swiss"]
[EventCountry "AZE"]
[SourceTitle "playchess.com"]
[Source "ChessBase"]
[SourceQuality "1"]

{[%evp 19,95,11,12,16,7,16,8,-3,11,11,39,29,37,29,56,50,49,22,27,16,25,17,11,19,22,18,20,21,37,42,47,0,12,12,33,32,29,19,31,16,10,16,36,16,18,5,28,13,29,4,0,-204,-203,-264,-249,-245,-187,-194,-181,-226,0,-210,-145,-152,-135,-150,-145,-149,-145,-146,-148,-160,-120,-93,-83,-182,0,-155]} 1. Nf3 Nf6 2. c4 e6 3. g3 d5 4. Bg2 Be7 5. d4 O-O 6. O-O dxc4 7. Qc2 a6 8. a4 Bd7 9. Qxc4 Bc6 10. Bf4 Nbd7 11. Rc1 {E05: Open Catalan: 5 Nf3 Be7.} Rc8 12. Nc3 {[#]} Bd6 $146 ({Predecessor:} 12... Nb6 13. Qb3 a5 14. Nb5 Bd5 15. Qd1 c6 16. Nc3 c5 17. dxc5 Bxc5 18. Nxd5 Nbxd5 19. Qb3 Nxf4 20. gxf4 Qd5 21. Qb5 Bb4 22. e3 Rxc1+ 23. Rxc1 Qb3 24. Qxb7 {½-½ (24) Vukic,M (2465)-Parma,B (2500) Vrbas 1982}) 13. a5 Qe7 14. Bxd6 Qxd6 15. Re1 Ne4 16. Qd3 Nxc3 17. bxc3 f5 18. Nd2 Bxg2 19. Kxg2 c5 20. Reb1 Rc7 21. Nf3 Rfc8 22. Rb2 cxd4 23. cxd4 Qd5 24. Qb3 Qe4 25. Ra3 Nf6 26. Qe3 Qd5 27. Qe5 Qd7 28. Rb6 Re8 $1 29. Qd6 Qxd6 30. Rxd6 h6 31. Rb6 Nd5 32. Rb2 Ree7 33. Ne5 g5 34. Rab3 Nc3 35. Rb6 $2 (35. e3 $11) 35... Na4 $1 $19 {[%csl LRb2,LRb6][%mdl 64] [#] Double Attack} 36. e3 Nxb2 ({Resist} 36... Nxb6 37. Rxb6 Rc2 38. h3 $17) 37. Rxb2 {[%mdl 4096] Endgame KRR-KRN} Kg7 38. Nd3 Kh7 39. Kf1 Kg7 $2 {[#]} ({Black should try} 39... Rc4 $19 {aiming for ...Ra4.} 40. Ra2 Kg7) 40. Ke2 $2 (40. Kg2 $1 $11 {and White is okay.}) 40... Kf7 41. Kd2 h5 42. Ne5+ Kf6 43. h3 Re8 44. Nd3 Rd8 45. Ke2 Rdd7 46. Nc5 Re7 47. Nd3 (47. f4 $17) 47... Red7 $2 ({Better is} 47... Rc3 $19 {...Ra3 is the strong threat.} 48. Nc5 e5 49. Rb6+ Kg7) 48. h4 $2 {Accuracy: White = 70%, Black = 83%.} (48. Nc5 $11) 1/2-1/2

[Event "AZE-ch Women 2020"]
[Site "Baku"]
[Date "2020.03.05"]
[Round "2.1"]
[White "Fataliyeva, Ulviyya"]
[Black "Balajayeva, Khanim"]
[Result "0-1"]
[WhiteElo "2377"]
[BlackElo "2358"]
[Annotator "TA"]
[PlyCount "64"]
[EventDate "2020.03.04"]
[EventType "swiss"]
[EventCountry "AZE"]
[SourceTitle "playchess.com"]
[Source "ChessBase"]
[SourceQuality "1"]

{[%evp 9,64,-4,0,5,7,-48,-29,-46,-53,-59,-28,-77,-26,-45,-54,-68,-52,-76,-30,-45,-43,-81,-81,-69,-78,-80,-74,-80,-80,-80,-83,-77,-76,-77,-81,-81,-75,-62,-63,-89,-83,-138,-72,-87,-93,-254,-240,-290,-277,-592,-533,-609,-609,-570,-589,-1487,-1464]} 1. d4 Nf6 2. c4 e6 3. Nc3 Bb4 4. a3 Bxc3+ 5. bxc3 Nc6 6. Bg5 {E24: Nimzo-Indian: Sämisch: Unusual Black 5th moves and 5...c5 sidelines.} b6 7. e4 ({White should try} 7. Nf3 $11) 7... h6 $15 8. Bxf6 {Black has an edge.} Qxf6 {[#]} 9. e5 $146 ({Predecessor:} 9. Bd3 Ba6 10. Ne2 Na5 11. Qa4 Rc8 12. Rd1 c5 13. d5 Rd8 14. O-O O-O 15. f4 {0-1 (24) Brehm,S (1749)-Beinke,L (1729) Verden 2011}) 9... Qe7 10. f4 Na5 (10... Bb7 $17) 11. Nf3 Ba6 12. Nd2 Bb7 13. Qg4 f5 14. Qh5+ Qf7 15. Qh4 {[#]} g5 $1 {[%mdl 512]} 16. fxg5 O-O-O {[%cal Ba8d8,Bd8g8,Bg8g7][%mdl 32]} 17. gxh6 Rdg8 18. Nf3 Qf8 19. h7 Rg7 20. Qf2 Rhxh7 21. h4 Rg4 {[%mdl 1024] Black has strong compensation.} 22. Rh3 Nb3 23. Ra2 Rh5 24. Qb2 Na5 25. Qc1 ({White should play} 25. Qf2) 25... Qh8 (25... Bxf3 $142 26. gxf3 Rgxh4 27. Rxh4 Rxh4) 26. Rf2 Bxf3 27. Rhxf3 $2 {[#] This costs White the game.} (27. gxf3 $17 Rgxh4 28. Rxh4 Rxh4 29. Qg5) 27... Rhxh4 $19 28. Qb2 c5 {[%cal Rc5d4]} 29. Rh3 $2 (29. Kd1) 29... Re4+ {Black is clearly winning.} 30. Re2 {and the idea Rxe4 leaves White hopeful.} Rxh3 31. Rxe4 Nxc4 (31... fxe4 $2 32. gxh3 Qh6 33. dxc5 $19) 32. Qe2 Rxc3 {Accuracy: White = 50%, Black = 83%.} 0-1

[Event "AZE-ch Women 2020"]
[Site "Baku"]
[Date "2020.03.05"]
[Round "2.2"]
[White "Mammadova, Gulnar"]
[Black "Allahverdiyeva, Ayan"]
[Result "1-0"]
[WhiteElo "2386"]
[BlackElo "2053"]
[Annotator "TA"]
[PlyCount "87"]
[EventDate "2020.03.04"]
[EventType "swiss"]
[EventCountry "AZE"]
[SourceTitle "playchess.com"]
[Source "ChessBase"]
[SourceQuality "1"]

{[%evp 19,86,12,39,45,47,38,69,73,107,105,109,119,122,95,268,243,262,237,253,264,272,260,300,286,495,458,509,500,460,453,570,574,1122,1107,1093,1093,927,533,531,524,434,302,374,316,371,352,352,320,414,211,417,410,816,770,1122,1030,1023,964,12841,12841,12843,12843,12844,12843,12844,12844,12845,12846,29999]} 1. e4 e6 2. Qe2 c5 3. g3 Nc6 4. Bg2 g6 5. c3 Bg7 6. f4 Nge7 7. Nf3 O-O 8. O-O d6 9. d3 Rb8 10. Be3 f5 11. Nbd2 {B20: Sicilian: Unusual White 2nd moves.} b5 12. e5 Nd5 13. Bf2 {[#] White is slightly better.} b4 $146 ({Predecessor:} 13... Bb7 14. exd6 Qxd6 15. Nb3 Rfe8 16. Bxc5 Qc7 17. d4 Ba8 18. Nc1 e5 19. fxe5 Nxe5 20. Nxe5 Bxe5 {0-1 (50) Boerefijn,M-Lilley,G Moscow 1986}) 14. c4 Nb6 15. Nb3 {Strongly threatening exd6.} Na4 16. Rad1 $36 {[%mdl 2048] Hoping for d4. White has strong initiative.} Qc7 $2 {[#]} (16... dxe5 $16 17. Nxc5 Nxc5 18. Bxc5 exf4) 17. exd6 $1 $18 Qxd6 18. d4 Qe7 19. Nxc5 ({But not} 19. dxc5 Nxb2 20. Rd6 Nd8 $16) 19... Nxc5 20. dxc5 b3 21. a3 Qf6 $2 (21... Rb7 22. Rd6 Rc7) 22. Rd6 Bb7 23. Nd4 Nxd4 24. Bxd4 ({Weaker is} 24. Rxd4 Bxg2 25. Kxg2 Rfe8 $16) 24... Qf7 25. Bxg7 Bxg2 26. Bxf8 Bxf1 27. Kxf1 Kxf8 28. Qxe6 Qxe6 29. Rxe6 {[%mdl 4096] Endgame KR-KR} Rd8 30. Ke2 Rd4 31. Re3 Rxc4 32. Rxb3 Rxc5 33. Rb7 Rc2+ 34. Ke3 (34. Kd3 $142 Rxh2 35. b4 (35. Rxa7 Rxb2 36. a4 h5 $14)) 34... Rxh2 $2 (34... a5 {was worth a try.} 35. Rxh7 Rxb2) 35. b4 {[%cal Bb2b4,Bb4b5,Bb5b6,Bb6b7][%mdl 32]} h5 (35... a6 $142 36. a4 Rg2) 36. Rxa7 Rb2 37. Kd4 Rb3 38. Kc4 Rxg3 39. b5 Ke8 40. b6 {[#] Intending b7 and mate.} Rg1 41. b7 {[%cal Rb7b8]} Rc1+ 42. Kd5 Rd1+ 43. Ke6 {Ra8+ would kill now.} Rb1 44. Ra8# {White took control after the opening. Accuracy: White = 79%, Black = 36%.} 1-0

[Event "AZE-ch Women 2020"]
[Site "Baku"]
[Date "2020.03.05"]
[Round "2.3"]
[White "Beydullayeva, Govhar"]
[Black "Abdulla, Khayala"]
[Result "1/2-1/2"]
[WhiteElo "2237"]
[BlackElo "2276"]
[Annotator "TA"]
[PlyCount "169"]
[EventDate "2020.03.04"]
[EventType "swiss"]
[EventCountry "AZE"]
[SourceTitle "playchess.com"]
[Source "ChessBase"]
[SourceQuality "1"]

{[%evp 19,169,9,32,0,6,0,8,0,96,102,121,99,108,122,105,113,110,99,261,282,363,60,52,67,126,128,125,132,158,46,52,45,89,89,90,99,89,73,100,119,242,243,242,231,594,250,327,328,309,308,309,0,260,0,320,320,320,320,288,299,295,295,295,298,287,264,257,261,265,264,288,282,279,265,271,271,278,278,278,271,262,262,266,231,219,172,172,170,172,172,326,327,322,307,320,293,290,290,287,219,193,171,287,287,274,248,29945,29946,29950,29949,29947,29951,29954,29959,29959,29960,29962,29962,12767,29961,29957,12775,29968,29968,29968,29969,29969,29971,29971,29972,29975,29974,29974,29975,29975,29976,29977,29978,29978,29979,29979,29980,29980,29981,29982,29983,29983,29984,29985,29986,29987,29988]} 1. Nf3 Nf6 2. c4 e6 3. g3 d5 4. Bg2 Be7 5. d4 O-O 6. O-O dxc4 7. Qc2 a6 8. a4 c5 9. dxc5 Bxc5 $1 {The main line 9...Bxc5 scores better than 9...Nc6.} 10. Qxc4 Nbd7 11. Qc2 {E05: Open Catalan: 5 Nf3 Be7.} Ra7 12. Nc3 b6 {[#]} 13. Ng5 $146 {The position is equal.} ({Predecessor:} 13. Bf4 Bb7 14. Rad1 Qa8 15. Bd6 Rc8 16. Bxc5 Nxc5 17. Rd6 Nce4 18. Rxb6 Nxc3 19. bxc3 {1-0 (33) Romanishin,O (2441)-Elgersma,S (2111) Hoogeveen 2019}) 13... Nb8 (13... Qc7 $11 {remains equal.}) 14. Bf4 $16 Bb7 15. Rad1 Qe7 16. Be5 {And now Bxf6 would win.} g6 17. Bxb7 Rxb7 18. Nge4 $1 $36 {[%cal Re4f6][%mdl 2048] Black is under strong pressure.} Nxe4 $2 (18... Ne8 $16) 19. Nxe4 $18 ({And not} 19. Qxe4 f5 $11) 19... f6 20. Nxc5 $2 (20. Nxf6+ $18 Rxf6 21. Bxf6 Qxf6 22. b4 $1 {[%mdl 512]}) 20... Qxc5 $14 21. Bc3 Nc6 (21... Qc6 $14) 22. Qe4 $16 Re7 23. Rc1 $1 {Strongly threatening Bxf6!} Qd5 24. Qxd5 ({White must play} 24. Qe3 $1 $16) 24... exd5 $14 25. e3 Re4 26. Rfd1 Rxa4 27. Rxd5 b5 28. Rc5 Ne7 29. Rd1 Kf7 (29... b4 $16) 30. Rd6 $1 $18 f5 31. Rc7 a5 $2 (31... Rc4 32. Rb7 Rfc8 33. Rf6+ Ke8 34. Rxa6 R4c5) 32. Bd4 (32. Rf6+ $142 Ke8 33. Re6) 32... Re8 33. Rf6+ Kg8 34. Re6 Kf7 35. Rf6+ Kg8 36. Re6 Kf7 37. Re5 Rc4 38. Ra7 a4 39. Rxb5 Ke6 40. Re5+ Kd6 41. Kg2 Rc2 42. Rxa4 Rb8 43. Rea5 {Black must now prevent Be5+.} Nc6 44. Ra6 Kd5 45. Bc3 Re8 {Black hopes to continue with ...Rxe3.} 46. Kf1 Rc1+ 47. Ke2 $1 Rc2+ 48. Kf3 g5 49. Rb6 g4+ 50. Kg2 Rxe3 {and the idea ...Rf3 leaves Black hopeful.} 51. Rb5+ Ke6 52. Rf4 Ne7 53. Rb6+ Kd7 54. Rh6 Rd3 $2 (54... Re4 55. Rxh7 Ke6) 55. Rxh7 Ke6 {intending ...Nd5.} 56. Rxe7+ {[%mdl 64] Remove Defender, Deflection} Kxe7 57. Rxf5 {[%mdl 4096] Endgame KRR-KRB} Re3 58. Rf4 $1 Ree2 59. Kf1 Ke6 60. Bd4 Kd5 (60... Red2 {was necessary.}) 61. Be3 $1 ({Not} 61. Rxg4 Re4 $16) 61... Rxb2 62. Rxg4 Rxe3 $2 (62... Rec2 $18 63. h4 Rb1+ 64. Kg2 Re1) 63. fxe3 Rxh2 {KR-KR} 64. Rf4 Ke5 65. Rf2 Rh1+ {[#]} 66. Kg2 $1 Re1 67. Rf8 Ke4 68. Kf2 Ra1 69. g4 Ra2+ 70. Kg3 Kxe3 71. Re8+ {White mates.} Kd4 72. g5 Ra1 73. Kg4 Kd5 74. g6 Kd6 75. Kg5 Rg1+ 76. Kf6 Rf1+ 77. Kg7 Kd7 78. Re4 Rg1 79. Kf7 Rf1+ 80. Kg8 Rg1 81. g7 Rh1 82. Kf7 Rf1+ {[#]} 83. Kg6 $1 Rg1+ 84. Kf6 Rg2 85. Re5 {[%mdl 32768] Accuracy: White = 84%, Black = 65%. . An unexpected result.} 1/2-1/2